LEADER 01002cam0 2200277 450 001 E600200034396 005 20210126144242.0 100 $a20080212d1976 |||||ita|0103 ba 101 $aita 102 $aIT 200 1 $aDisuguaglianza di classe e ordinamento politico$eLa stratificazione sociale nelle società capitalistiche e comuniste$fFrank Parkin 205 $a2 210 $aTorino$cEinuadi$d1976 215 $aX, 229 p.$d18 cm 225 2 $aPiccola biblioteca Einaudi$v268 410 1$1001LAEC00015152$12001 $a*Piccola biblioteca Einaudi$v268 700 1$aParkin$b, Frank$3A600200046627$4070$0119970 801 0$aIT$bUNISOB$c20210126$gRICA 850 $aUNISOB 852 $aUNISOB$j300$m29630 912 $aE600200034396 940 $aM 102 Monografia moderna SBN 941 $aM 957 $a300$b001018$gSi$d29630$racquisto$1pregresso2$2UNISOB$3UNISOB$420080212091810.0$520190708120421.0$6Spinosa 996 $aDisuguaglianza di classe e ordinamento politico$9647918 997 $aUNISOB